01009 2200325 4500001002100000005001500021035002000036007000300056008004100059020002200100082001700122084001900139100002400158245013900182250007100321260003300392300004700425650002000472700001500492700001900507700001700526700001800543040001700561850001200578041000800590490002800598090002100626990001800647990001800665INLIS00000000081714920181102094505 a0010-1018000029ta181002r20102018jbia b 1 ind d a978-602-420-556-004223a899.2213 a899.2213 QON m0 aQonita Aliyatunnaha1 aMisteri boneka melodi /cQonita Aliyatunnaha; ilustrasi, Agus Willy; Ridwan Fauzy, Yuni Mulyawati; penyunting ilustrasi, Iwan Yuswandi aEdisi kedua, Cetakan pertama, Jumada Al-Ula 1439 H/ Februhari 2018 aBandung :bDar! Mizan,c2018 a100 halaman :bilustrasi berwarna ;c21 cm 4aFiksi Indonesia0 aAgus Willy0 aYuni Mulyawati0 aRidwan Fauzy0 aIwan Yuswandi aYOPDYOGbind aYOPDYOG0 aind aKecil-kecil punya karya aK 899.2213 QON m a36114-PD/B.18 a36115-PD/B.18